• 首页
  • 本馆介绍
  • 公告通知
  • 最新文献
  • 馆藏检索
  • 电子资源
  • 读者导购
  • 参考咨询
  • 我的图书馆
  • 登录
  • 详细信息显示
  • 放入我的书架
  • 预约/预借图书
  • 作者相关作品
  • 分类相关作品
  • 丛书相关作品
  • 出版社相关作品

书目信息

  • 表格格式
  • 工作单格式
  • 卡片格式
题名:
油画技法教程
    
 
作者: 叶剑青 编写
分册:  
出版信息: 天津   天津人民美术出版社  2001
页数: 48页
开本: 29cm
丛书名: 美术课堂丛书
单 册:
中图分类: J213 , J21-5
科图分类:
主题词: 油画--技法(美术)--教材 , 油画 , 技法(美术)
电子资源:
ISBN: 7-5305-1483-0
000 00807oam2 2200277 450
001 1573932741
005 20150130203435.95
010    @a7-5305-1483-0@dCNY20.00
100    @a20010907d2001 em y0chiy0110 ea
101 0  @achi
102    @aCN@b120000
105    @aa z 000yy
200 1  @a油画技法教程@9you hua ji fa jiao cheng@f叶剑青[编写]
210    @a天津@c天津人民美术出版社@d2001
215    @a48页@d29cm
225 2  @a美术课堂丛书
330    @a本书主要内容包括:油画的基本因素、材料和技法;油画的历史及文化背景;后记及佳作欣赏。
461  0 @12001 @a美术课堂丛书
606 0  @a油画@x技法(美术)@j教材
606 0  @a油画
606 0  @a技法(美术)
690    @aJ213@v5
690    @aJ21-5@v4
701  0 @a叶剑青@9ye jian qing@4编写
801  0 @aCN@bTSSF@c20150130
905    @aZUCC@dJ21-5@eJY166
    
    油画技法教程/叶剑青[编写].-天津:天津人民美术出版社,2001
    48页;29cm.-(美术课堂丛书)
    
    
    ISBN 7-5305-1483-0:CNY20.00
    本书主要内容包括:油画的基本因素、材料和技法;油画的历史及文化背景;后记及佳作欣赏。
●
相关链接 在E读中查询图书 在五车中查询图书 在当当中查询图书 在豆瓣中查询图书


正题名:油画技法教程     索取号:J21-5/JY166         预约/预借

序号 登录号 条形码 馆藏地/架位号 状态 备注
1 7863004   278630046   学院路分馆/ [索取号:J21-5/JY166] 在馆    
2 7863005   278630055   学院路分馆/ [索取号:J21-5/JY166] 在馆    
3 7863006   278630064   学院路分馆/ [索取号:J21-5/JY166] 在馆    
4 7863007   278630073   学院路分馆/ [索取号:J21-5/JY166] 在馆    
5 7863008   278630082   学院路分馆/ [索取号:J21-5/JY166] 在馆    
6 7863009   278630091   学院路分馆/ [索取号:J21-5/JY166] 在馆    
7 7863010   278630108   学院路分馆/ [索取号:J21-5/JY166] 在馆    
唐山师范学院图书馆 欢迎您!
大连网信软件有限公司© 版权所有